Statistieken voor Top 15 landen met Covid-19 sterfgevallen - 8 september 2021

Klik hier om de quiz te nemen!

Algemene statistieken

  • Deze quiz is 2 keer genomen
  • De gemiddelde score is 10 van 25

Antwoordstatistieken

land% Correct
België
100%
Duitsland
100%
India
100%
Italië
100%
Rusland
100%
Spanje
100%
Verenigde Staten
100%
Argentinië
50%
Brazilië
50%
Colombia
50%
Frankrijk
50%
Mexico
50%
Verenigd Koninkrijk
50%
Bosnië en Herzegovina
0%
Bulgarije
0%
Hongarije
0%
Indonesië
0%
Iran
0%
Kroatië
0%
Noord-Macedonië
0%
Paraguay
0%
Peru
0%
Slovenië
0%
Slowakije
0%
Tsjechië
0%

Scoreverdeling

Percentiel versus Aantal Correcte Antwoorden

Procent van Mensen met Elke Score

Uw Scoregeschiedenis

U heeft deze quiz nog niet genomen